000 01172nam a22002177a 4500
005 20260508130730.0
010 _aHIN-131223-24
020 _c600.00 (खंड-1)
020 _c700.00 (खंड-2)
035 _aHN-103569-70
037 _bDBAD
082 _a230.2
100 _aअखण्डानन्द सरस्वती
245 _aभागवत-दर्शन :
_cअखण्डानन्द सरस्वती ; सतीशबाला महेन्द्रलाल जेठी द्वारा संकलित
_b(श्रीमद्भागवत-महापुराण) /
260 _aमुंबई
_bसत्साहित्य प्रकाशन
_c2015
270 _a'विपुल' 28/16 बी.जी.खेर मार्ग मालाबार हिल
_bमुंबई
_e400006
_k23682055
300 _aखंड-2 वि.पृ.
_c25 सेमी (सजिल्द )
_bसचित्र
490 _v2 खंडो का सेट
700 _aजेठी, सतीशबाला महेन्द्रलाल
_989030
942 _2ddc
_cHN
_h230.2
_mअखण्डा
999 _c216101
_d216101